UM Logo

Handbook of informatics for nurses and health care professionals / (Record no. 5250)

MARC details
000 -LEADER
fixed length control field 01318cam a22003614a 4500
001 - CONTROL NUMBER
control field 12206595
005 - DATE AND TIME OF LATEST TRANSACTION
control field 20161015114432.0
008 - FIXED-LENGTH DATA ELEMENTS--GENERAL INFORMATION
fixed length control field 001020s2001 njua bf 001 0 eng
010 ## - LIBRARY OF CONGRESS CONTROL NUMBER
LC control number 00052408
020 ## - INTERNATIONAL STANDARD BOOK NUMBER
International Standard Book Number 0-13-031102-2 (pbk. : alk. paper)
035 ## - SYSTEM CONTROL NUMBER
System control number (DNLM)100968291
040 ## - CATALOGING SOURCE
Original cataloging agency DNLM/DLC
Transcribing agency DLC
Modifying agency DLC
042 ## - AUTHENTICATION CODE
Authentication code pcc
050 00 - LIBRARY OF CONGRESS CALL NUMBER
Classification number RT50.5
Item number .H43 2001
060 10 - NATIONAL LIBRARY OF MEDICINE CALL NUMBER
Classification number WY 26.5
Item number H443h 2001
082 00 - DEWEY DECIMAL CLASSIFICATION NUMBER
Classification number DC 610.730285
Edition number 2001
Item number H35h
100 1# - MAIN ENTRY--PERSONAL NAME
Personal name Hebda, Toni.
245 10 - TITLE STATEMENT
Title Handbook of informatics for nurses and health care professionals /
Statement of responsibility, etc. Toni Hebda, Patricia Czar, Cynthia Mascara.
250 ## - EDITION STATEMENT
Edition statement Second Edition
260 ## - PUBLICATION, DISTRIBUTION, ETC. (IMPRINT)
Place of publication, distribution, etc. Upper Saddle River, NJ :
Name of publisher, distributor, etc. Prentice Hall,
Date of publication, distribution, etc. c2001.
300 ## - PHYSICAL DESCRIPTION
Extent xxiv, 387 pages :
Other physical details illustrations ;
Dimensions 23 cm.
504 ## - BIBLIOGRAPHY, ETC. NOTE
Bibliography, etc Includes bibliographical references and index.
650 #0 - SUBJECT ADDED ENTRY--TOPICAL TERM
Topical term or geographic name as entry element Nursing informatics
Form subdivision Handbooks, manuals, etc.
650 #0 - SUBJECT ADDED ENTRY--TOPICAL TERM
Topical term or geographic name as entry element Medical informatics
Form subdivision Handbooks, manuals, etc.
650 12 - SUBJECT ADDED ENTRY--TOPICAL TERM
Topical term or geographic name as entry element Medical Informatics.
650 12 - SUBJECT ADDED ENTRY--TOPICAL TERM
Topical term or geographic name as entry element Nursing.
700 1# - ADDED ENTRY--PERSONAL NAME
Personal name Czar, Patricia.
700 1# - ADDED ENTRY--PERSONAL NAME
Personal name Mascara, Cynthia.
365 ## - TRADE PRICE
Price amount 3,000.00
Currency code Php
906 ## - LOCAL DATA ELEMENT F, LDF (RLIN)
a 7
b cbc
c orignew
d 1
e ocip
f 20
g y-gencatlg
942 ## - ADDED ENTRY ELEMENTS (KOHA)
Source of classification or shelving scheme Dewey Decimal Classification
Koha item type Circulation
Holdings
Withdrawn status Lost status Source of classification or shelving scheme Damaged status Not for loan Collection code Home library Current library Date acquired Source of acquisition Total Checkouts Full call number Barcode Date last seen Cost, replacement price Price effective from Koha item type
    Dewey Decimal Classification     Circulation UM Digos College - LIC UM Digos College - LIC 09/15/2004 Purchased   DC 610.730285 H35h 2001 17848 05/15/2025 3000.00 10/15/2016 Circulation